Nonlinear dynamics and chaos : with applications to physics, biology, chemistry, and engineering /
Guardado en:
| Autor Principal: | |
|---|---|
| Formato: | Libro |
| Idioma: | English |
| Publicado: |
Reading, Mass. :
Addison-Wesley Pub.,
c1994.
|
| Series: | Studies in nonlinearity
|
| Materias: | |
| Etiquetas: |
Agregar Etiqueta
Sin Etiquetas, Sea el primero en etiquetar este registro!
|
| LEADER | 00838cam a2200229 a 4500 | ||
|---|---|---|---|
| 001 | MAT.inmabb004806 | ||
| 008 | 930804s1994####maua#####b####001#0#eng## | ||
| 005 | 20130225122124.0 | ||
| 245 | 1 | 0 | |a Nonlinear dynamics and chaos : |b with applications to physics, biology, chemistry, and engineering / |c Steven H. Strogatz. |
| 260 | |a Reading, Mass. : |b Addison-Wesley Pub., |c c1994. | ||
| 300 | |a xi, 498 p. : |b il. ; |c 24 cm. | ||
| 440 | 0 | |a Studies in nonlinearity | |
| 504 | |a Incluye referencias bibliográficas e índice. | ||
| 020 | |a 0201543443 | ||
| 100 | 1 | |a Strogatz, Steven H. |q (Steven Henry) | |
| 650 | 0 | |a Chaotic behavior in systems. | |
| 650 | 0 | |a Dynamics. | |
| 650 | 0 | |a Nonlinear theories. | |
| 084 | |a 37-01 (37-02 37Exx 37Cxx 37Bxx 37Dxx) |2 MR | ||
| 010 | |a 93006166 | ||
| 040 | |a DLC |c DLC |d DLC | ||
| 859 | |h 37 |i St921 |p A-8504 |b BIB. MATEMATICA | ||
